MARC

LEADER 00000nam0a2200000 4500
001 48606
005 20231031031930.0
010 |a 966552125X 
010 |a 5-94723-179-4 
035 |a (RuTPU)RU\TPU\book\50907 
090 |a 48606 
100 |a 20030320d2002 m y0rusy50 ca 
101 1 |a rus 
102 |a RU  |a UA 
105 |a a z 001zy 
200 1 |a Visual C++ .NET  |e пер. с англ.  |f К. Паппас, У. Мюррей 
210 |a СПб.  |a Киев  |c Питер  |c BHV  |d 2002 
215 |a 816 с.  |c ил. 
225 1 |a Эффективная работа 
320 |a Предм. указ.: с. 802-815 
610 1 |a информатика 
610 1 |a языки программирования 
610 1 |a Visual C++ 
610 1 |a Visual C++.NET 
610 1 |a среда разработки 
610 1 |a объектно-ориентированное программирование 
610 1 |a Windows-приложения 
610 1 |a программирование 
610 1 |a MFC 
610 1 |a данные 
610 1 |a массивы 
675 |a 681.3.06  |v 3 
700 1 |a Паппас  |b К.  |g Крис 
701 1 |a Мюррей  |b У.  |g Уильям 
801 1 |a RU  |b 63413507  |c 20030320  |g PSBO 
801 2 |a RU  |b 63413507  |c 20030408  |g PSBO 
942 |c BK